| 000 | 00488nam a2200145 a 4500 | ||
|---|---|---|---|
| 001 | 000006092 | ||
| 005 | 20200929151926.0 | ||
| 008 | 090826s1946 dr 000 0 spa d | ||
| 040 |
_aDO-SdBNP _bspa _cBNPHU |
||
| 082 |
_a363.37 _bR337c |
||
| 245 | 0 | 0 | _aReglamento del cuerpo de bomberos civiles de Ciudad Trujillo. |
| 260 |
_aCiudad Trujillo, República Dominicana : _bMontalvo, _c1946. |
||
| 300 |
_a120 p. ; _c23 cm. |
||
| 650 | 4 |
_aCuerpo de bomberos _zRepública Dominicana _xReglamentos _917149 |
|
| 999 |
_c5888 _d5888 |
||